An Introduction to Functional Analysis (Record no. 9627)

MARC details
000 -LEADER
fixed length control field 00527nam a22001937a 4500
003 - CONTROL NUMBER IDENTIFIER
control field OSt
005 - DATE AND TIME OF LATEST TRANSACTION
control field 20260414115948.0
008 - FIXED-LENGTH DATA ELEMENTS--GENERAL INFORMATION
fixed length control field 260414b |||||||| |||| 00| 0 eng d
020 ## - INTERNATIONAL STANDARD BOOK NUMBER
International Standard Book Number 9780521728393
040 ## - CATALOGING SOURCE
Transcribing agency DDC
082 ## - DEWEY DECIMAL CLASSIFICATION NUMBER
Classification number 515 ROB 2020
100 ## - MAIN ENTRY--PERSONAL NAME
Personal name Robinson, James C.
9 (RLIN) 19576
245 ## - TITLE STATEMENT
Title An Introduction to Functional Analysis
260 ## - PUBLICATION, DISTRIBUTION, ETC. (IMPRINT)
Place of publication, distribution, etc. Cambridge University Press, 2020
300 ## - PHYSICAL DESCRIPTION
Extent xv,403p.;Ill: 23cm
504 ## - BIBLIOGRAPHY, ETC. NOTE
Bibliography, etc References, & Index included
650 ## - SUBJECT ADDED ENTRY--TOPICAL TERM
Topical term or geographic name as entry element Functional analysis
9 (RLIN) 5452
942 ## - ADDED ENTRY ELEMENTS (KOHA)
Source of classification or shelving scheme Dewey Decimal Classification
Koha item type Open Shelf
Holdings
Withdrawn status Lost status Source of classification or shelving scheme Damaged status Not for loan Home library Current library Date acquired Source of acquisition Inventory number Total Checkouts Full call number Barcode Date last seen Koha item type
    Dewey Decimal Classification     MUST Main Library MUST Main Library 14/04/2026 Purchase 26/42551   515 ROB 2020 2026-0111 14/04/2026 Open Shelf
    Dewey Decimal Classification     MUST Main Library MUST Main Library 14/04/2026 Purchase 26/42571   515 ROB 2020 2026-0112 14/04/2026 Open Shelf